|
|
|
|
| LEADER |
00879pam a22002298a 4500 |
| 001 |
00020715 |
| 005 |
20171026081023.0 |
| 008 |
110519s1983 ||||||Viesd |
| 041 |
0 |
# |
|a Vie
|
| 082 |
1 |
4 |
|a 895.900 1
|b A400V
|
| 100 |
0 |
# |
|a Đào Văn A
|d Biên soạn
|
| 245 |
0 |
0 |
|a Áo vải cờ đào
|b Thơ ca về phong trào Tây Sơn Quang Trung
|c Đào Văn A (biên soạn); Lưu Trọng Lư (giới thiệu)
|
| 260 |
# |
# |
|a [Kxđ]
|b Sở văn hóa và thông tin Nghĩa Bình
|c 1983
|
| 300 |
# |
# |
|a 212 tr.
|c 19 cm.
|
| 653 |
# |
# |
|a Thơ
|
| 653 |
# |
# |
|a Văn học Việt Nam
|
| 700 |
0 |
# |
|e Giới thiệu
|a Lưu Trọng Lư
|
| 852 |
# |
# |
|b Kho mượn
|j KM.0009352
|
| 852 |
# |
# |
|b Kho đọc
|j KD.0006189
|
| 852 |
# |
# |
|j KD.0006189
|j KM.0009352
|
| 910 |
|
|
|d 19/05/2011
|
| 980 |
# |
# |
|a Trung tâm Học liệu Lê Vũ Hùng, Trường Đại học Đồng Tháp
|